000 00365nam a2200133Ia 4500
008 191206s9999 xx 000 0 und d
020 _a140441840
090 _aPZ3.T588.RE39
245 0 _aRessurection
260 _aSpark Africa
260 _cc[200u]
300 _a"1 videodisc of 1 (DVD, VCD, etc.) (ca. *** min.) :"
999 _c16796
_d16796